|
|
|
|
| LEADER |
00000cam a2200000 7i4500 |
| 001 |
0000012961 |
| 005 |
20080104.0 |
| 008 |
080104 |
| 020 |
|
|
|a 9830981061
|
| 090 |
0 |
0 |
|a 297.31
|b ABD
|
| 100 |
0 |
|
|a Abdullah Nasih 'Ulawan
|
| 245 |
1 |
0 |
|a Iman :
|b Senjata mengahadapi cabaran zaman
|c Abdullah Nasih 'Ulawan
|
| 260 |
|
|
|a Selangor :
|b Pustaka Ilmi ,
|c 1998
|
| 650 |
|
0 |
|a Faith (Islam)
|
| 650 |
|
0 |
|a Islam
|x Doctrines
|
| 710 |
0 |
|
|a Title
|
| 999 |
|
|
|a 0001008994
|b Book
|c Adult Collection
|e Perbadanan Perpustakaan Awam Johor
|
| 999 |
|
|
|a 0001008995
|b Book
|c Adult Collection
|e Perbadanan Perpustakaan Awam Johor
|
| 999 |
|
|
|a 0001008996
|b Book
|c Adult Collection
|e Perbadanan Perpustakaan Awam Johor
|